India's growth prospects revisited (Record no. 62871)

000 -LEADER
fixed length control field 01121pab a2200169 454500
008 - FIXED-LENGTH DATA ELEMENTS--GENERAL INFORMATION
fixed length control field 180718b2004 xxu||||| |||| 00| 0 eng d
100 ## - MAIN ENTRY--PERSONAL NAME
Personal name Acharya, Shankar
245 ## - TITLE STATEMENT
Title India's growth prospects revisited
260 ## - PUBLICATION, DISTRIBUTION, ETC.
Date of publication, distribution, etc. 2004
300 ## - PHYSICAL DESCRIPTION
Extent p.4537-542.
362 ## - DATES OF PUBLICATION AND/OR SEQUENTIAL DESIGNATION
Dates of publication and/or sequential designation 9 Oct
520 ## - SUMMARY, ETC.
Summary, etc. During the past year a number of studies have made very optimistic projections about India's medium- and long-term growth prospects. The forecasts of a 7 per cent plus growth rate in these studies have been based on the demographic outlook for India, projected trends in productivity, strength of the country's institutions and an optimism about reforms. However, a critical examination of these factors suggests that India will grow closer to 5.5-6 per cent a year rather than by 7 per cent. It is still worth emphasising that a 5.5-6 per cent average growth is creditable for a large and diverse society and it implies a reasonably healthy per capita income growth of 4 per cent a year. - Reproduced.
650 ## - SUBJECT ADDED ENTRY--TOPICAL TERM
Topical term or geographic name entry element Economic growth - India
650 ## - SUBJECT ADDED ENTRY--TOPICAL TERM
Topical term or geographic name entry element Economic growth
773 ## - HOST ITEM ENTRY
Main entry heading Economic and Political Weekly
909 ## -
-- 62871
Holdings
Withdrawn status Lost status Damaged status Not for loan Permanent Location Current Location Date acquired Serial Enumeration / chronology Barcode Date last seen Price effective from Koha item type
        Indian Institute of Public Administration Indian Institute of Public Administration 2018-07-19 Volume no: 39, Issue no: 41 AR63321 2018-07-19 2018-07-19 Articles

Powered by Koha